| 000 | 00373 a2200145 4500 | ||
|---|---|---|---|
| 005 | 20250603061854.0 | ||
| 020 | _a0 09 147451 5 | ||
| 082 | _a658.562 CAP | ||
| 100 | _aCAPLEN, R. | ||
| 245 | _aA Practical Approach to Quality Control. | ||
| 250 | _a4th Ed | ||
| 260 |
_aLondon, _bBusiness Book, _c1982. |
||
| 300 |
_aix, 326p.: ill.; figure _bIndex _c21cm. |
||
| 942 |
_2ddc _cBKS |
||
| 999 |
_c3061 _d3061 |
||